000 00930nam a2200205Ia 4500
003 Ost
005 20260507075506.0
008 260507s9999||||xx |||||||||||||| ||und||
020 _a9789953515236
040 _cfsecg
041 _aara
082 _a350.1
100 _aجواد، نبيل
_eمؤلف
245 0 _aإدارة الموارد البشرية /
_c نبيل جواد
260 _aبيروت:
_bالمؤسسة الجامعية للدراسات والنشر,
_c2008
300 _a159 صفحة؛
_bإيضاحات ؛
_c20 سم
520 _aإدارة الموارد البشرية وتطور المشروع،معرفة الموارد البشرية،حق العمل،الهيئات النقابية والعلاقات الإجتماعية،إدارة الوظيفة،إدارة الأجور،إدارة التدريب،الإتصال في المؤسسة
653 _aإدارة الأفراد
942 _cكتاب
999 _c44717
_d44717